<?xml version="1.0" encoding="UTF-8"?>
<record
    xmlns:xsi="http://www.w3.org/2001/XMLSchema-instance"
    xsi:schemaLocation="http://www.loc.gov/MARC21/slim http://www.loc.gov/standards/marcxml/schema/MARC21slim.xsd"
    xmlns="http://www.loc.gov/MARC21/slim">

  <leader>00899    a2200265   4500</leader>
  <controlfield tag="003">CBULib</controlfield>
  <controlfield tag="005">20231121110547.0</controlfield>
  <controlfield tag="008">231121b        |||||||| |||| 00| 0 eng d</controlfield>
  <datafield tag="020" ind1=" " ind2=" ">
    <subfield code="a">9781498770163</subfield>
  </datafield>
  <datafield tag="040" ind1=" " ind2=" ">
    <subfield code="b">English</subfield>
    <subfield code="c">CBULib</subfield>
    <subfield code="e">rda</subfield>
  </datafield>
  <datafield tag="041" ind1=" " ind2=" ">
    <subfield code="a">eng</subfield>
  </datafield>
  <datafield tag="050" ind1=" " ind2=" ">
    <subfield code="a">H 61.15 Eps</subfield>
  </datafield>
  <datafield tag="100" ind1=" " ind2=" ">
    <subfield code="a">Raghunathan, Trivellore</subfield>
  </datafield>
  <datafield tag="245" ind1=" " ind2=" ">
    <subfield code="a">Multiple imputation in practice : with examples using IVEware</subfield>
    <subfield code="c">/ by Trivellore Raghunathan; Patricia A. Berglund and Peter W. Solenberger</subfield>
  </datafield>
  <datafield tag="260" ind1=" " ind2=" ">
    <subfield code="b">CRC Press,</subfield>
    <subfield code="c">2018</subfield>
    <subfield code="a">Florida : </subfield>
  </datafield>
  <datafield tag="300" ind1=" " ind2=" ">
    <subfield code="a">xiv, 250 pages : illustrations </subfield>
  </datafield>
  <datafield tag="336" ind1=" " ind2=" ">
    <subfield code="2">rdacontent</subfield>
    <subfield code="a">Text |</subfield>
    <subfield code="b">txt</subfield>
  </datafield>
  <datafield tag="337" ind1=" " ind2=" ">
    <subfield code="2">rdamedia</subfield>
    <subfield code="a">Unmediated |</subfield>
    <subfield code="b">n</subfield>
  </datafield>
  <datafield tag="338" ind1=" " ind2=" ">
    <subfield code="2">rdacarrier</subfield>
    <subfield code="a">Volume</subfield>
    <subfield code="b">nc</subfield>
  </datafield>
  <datafield tag="650" ind1=" " ind2="0">
    <subfield code="9">1081</subfield>
    <subfield code="a">MULTIVARIATE ANALYSIS</subfield>
  </datafield>
  <datafield tag="650" ind1=" " ind2="0">
    <subfield code="9">1082</subfield>
    <subfield code="a">MULTIVARIATE ANALYSIS -- DATA PROCESSING</subfield>
  </datafield>
  <datafield tag="700" ind1=" " ind2=" ">
    <subfield code="9">1083</subfield>
    <subfield code="a">Berglund, Patricia A.</subfield>
  </datafield>
  <datafield tag="700" ind1=" " ind2=" ">
    <subfield code="9">1084</subfield>
    <subfield code="a">Solenberger, Peter W.</subfield>
  </datafield>
  <datafield tag="942" ind1=" " ind2=" ">
    <subfield code="2">lcc</subfield>
    <subfield code="c">002</subfield>
  </datafield>
  <datafield tag="999" ind1=" " ind2=" ">
    <subfield code="c">83321</subfield>
    <subfield code="d">83321</subfield>
  </datafield>
  <datafield tag="952" ind1=" " ind2=" ">
    <subfield code="0">0</subfield>
    <subfield code="1">0</subfield>
    <subfield code="2">lcc</subfield>
    <subfield code="4">0</subfield>
    <subfield code="7">0</subfield>
    <subfield code="8">MC</subfield>
    <subfield code="a">001</subfield>
    <subfield code="b">001</subfield>
    <subfield code="c">GEN</subfield>
    <subfield code="d">2023-11-21</subfield>
    <subfield code="e">DON-BOOKAID</subfield>
    <subfield code="g">64.37</subfield>
    <subfield code="l">0</subfield>
    <subfield code="o">QA 276 Rag</subfield>
    <subfield code="p">752540</subfield>
    <subfield code="r">2023-11-21</subfield>
    <subfield code="w">2023-11-21</subfield>
    <subfield code="y">002</subfield>
  </datafield>
  <datafield tag="952" ind1=" " ind2=" ">
    <subfield code="0">0</subfield>
    <subfield code="1">0</subfield>
    <subfield code="2">lcc</subfield>
    <subfield code="4">0</subfield>
    <subfield code="7">0</subfield>
    <subfield code="8">LSK</subfield>
    <subfield code="a">010</subfield>
    <subfield code="b">010</subfield>
    <subfield code="c">GEN</subfield>
    <subfield code="d">2023-11-21</subfield>
    <subfield code="e">DON-BOOKAID</subfield>
    <subfield code="g">64.37</subfield>
    <subfield code="l">0</subfield>
    <subfield code="o">QA 276 Rag</subfield>
    <subfield code="p">752541</subfield>
    <subfield code="r">2023-11-21</subfield>
    <subfield code="t">2</subfield>
    <subfield code="w">2023-11-21</subfield>
    <subfield code="y">002</subfield>
  </datafield>
  <datafield tag="952" ind1=" " ind2=" ">
    <subfield code="0">0</subfield>
    <subfield code="1">0</subfield>
    <subfield code="2">lcc</subfield>
    <subfield code="4">0</subfield>
    <subfield code="7">0</subfield>
    <subfield code="8">MK</subfield>
    <subfield code="a">003</subfield>
    <subfield code="b">003</subfield>
    <subfield code="c">GEN</subfield>
    <subfield code="d">2023-11-21</subfield>
    <subfield code="e">DON-BOOKAID</subfield>
    <subfield code="g">64.37</subfield>
    <subfield code="l">0</subfield>
    <subfield code="o">QA 276 Rag</subfield>
    <subfield code="p">752542</subfield>
    <subfield code="r">2023-11-21</subfield>
    <subfield code="t">3</subfield>
    <subfield code="w">2023-11-21</subfield>
    <subfield code="y">002</subfield>
  </datafield>
  <datafield tag="952" ind1=" " ind2=" ">
    <subfield code="0">0</subfield>
    <subfield code="1">0</subfield>
    <subfield code="2">lcc</subfield>
    <subfield code="4">0</subfield>
    <subfield code="7">0</subfield>
    <subfield code="8">MK</subfield>
    <subfield code="a">003</subfield>
    <subfield code="b">001</subfield>
    <subfield code="c">GEN</subfield>
    <subfield code="d">2023-12-15</subfield>
    <subfield code="e">Book Aid International</subfield>
    <subfield code="g">64.37</subfield>
    <subfield code="l">0</subfield>
    <subfield code="o">QA 276 Rag</subfield>
    <subfield code="p">752543</subfield>
    <subfield code="r">2023-12-15</subfield>
    <subfield code="t">4</subfield>
    <subfield code="w">2023-12-15</subfield>
    <subfield code="y">002</subfield>
  </datafield>
  <datafield tag="952" ind1=" " ind2=" ">
    <subfield code="0">0</subfield>
    <subfield code="1">0</subfield>
    <subfield code="2">lcc</subfield>
    <subfield code="4">0</subfield>
    <subfield code="7">0</subfield>
    <subfield code="8">MC</subfield>
    <subfield code="a">001</subfield>
    <subfield code="b">001</subfield>
    <subfield code="c">GEN</subfield>
    <subfield code="d">2023-12-15</subfield>
    <subfield code="e">Book Aid International</subfield>
    <subfield code="g">64.37</subfield>
    <subfield code="l">0</subfield>
    <subfield code="o">QA 276 Rag</subfield>
    <subfield code="p">752544</subfield>
    <subfield code="r">2023-12-15</subfield>
    <subfield code="t">5</subfield>
    <subfield code="w">2023-12-15</subfield>
    <subfield code="y">002</subfield>
  </datafield>
</record>
